| 000 | 00644nam a22002297a 4500 | ||
|---|---|---|---|
| 005 | 20220226102711.0 | ||
| 008 | 220226b ||||| |||| 00| 0 eng d | ||
| 020 | _a9789327294583 | ||
| 040 | _cAL | ||
| 041 | _aEnglish | ||
| 082 |
_223 _a336 _bLEKP |
||
| 100 |
_aR K Lekhi and others _922113 |
||
| 245 | _aPublic Finance | ||
| 250 | _aRev.ed.15 | ||
| 260 |
_aLudhiana _bKalyani Publishers _c2022 |
||
| 300 |
_a993 p. _bPB _c24x18 cm. |
||
| 365 |
_aMLSH21CRB333 _b₹476.00 _c₹ _d₹595.00 _e20% _f20-02-2022 |
||
| 650 |
_aPublic Finance _922114 |
||
| 700 |
_aLEKHI (R K) _922115 |
||
| 700 |
_aSINGH (Joginder) _922116 |
||
| 942 |
_2ddc _cBK |
||
| 999 |
_c221645 _d221645 |
||